PRACTICAL BOOK OF BHAISAJYA KALPANA (Record no. 8356)
[ view plain ]
| 000 -LEADER | |
|---|---|
| fixed length control field | 00332nam a22001457a 4500 |
| 003 - CONTROL NUMBER IDENTIFIER | |
| control field | SGT |
| 082 ## - DEWEY DECIMAL CLASSIFICATION NUMBER | |
| Classification number | 612.012 |
| Item number | P15J |
| 100 ## - MAIN ENTRY--PERSONAL NAME | |
| Personal name | JOSHI,VIMAL.R |
| 245 ## - TITLE STATEMENT | |
| Title | PRACTICAL BOOK OF BHAISAJYA KALPANA |
| 260 ## - PUBLICATION, DISTRIBUTION, ETC. (IMPRINT) | |
| Place of publication, distribution, etc | VARANASI |
| Name of publisher, distributor, etc | CHAUKHAMBHA |
| Year of Publication | 2015 |
| 300 ## - PAGE DESCRIPTION | |
| No. of Pages | 290 |
| 650 ## - SUBJECT ADDED ENTRY--TOPICAL TERM | |
| Topical term or geographic name as entry element | BHAISAJYA KALPANA |
| 653 ## - KEYWORDS--INDEX TERM | |
| Keyword term | BHAISAJYA |
| 942 ## - ADDED ENTRY ELEMENTS (KOHA) | |
| Source of classification or shelving scheme | Dewey Decimal Classification |
| Koha item type | Books |
| 942 ## - ADDED ENTRY ELEMENTS (KOHA) | |
| -- | 5 |
| Withdrawn status | Lost status | Source of classification or shelving scheme | Damaged status | Not for loan | Collection code | Home library | Current library | Shelving location | Date acquired | Vendor Name | Cost, normal purchase price | SGTU | Bill Number | Total Checkouts | Full call number | Accession No. (Barcode) | Date last seen | Date last borrowed | Bill Date | Koha item type |
|---|---|---|---|---|---|---|---|---|---|---|---|---|---|---|---|---|---|---|---|---|
| Dewey Decimal Classification | AYURVEDA | SGT FA-FP Library | SGT FA-FP Library | Text Book | 08/03/2016 | CHAUKHAMBHA | 275.00 | SGTU | CP/B/724 | 2 | 612.012 P15J | FA3336 | 28/04/2023 | 26/04/2023 | 16/12/2015 | Books | ||||
| Dewey Decimal Classification | AYURVEDA | SGT FA-FP Library | SGT FA-FP Library | Text Book | 08/03/2016 | CHAUKHAMBHA | 275.00 | SGTU | CP/B/724 | 612.012 P15J | FA3337 | 08/03/2016 | 16/12/2015 | Books | ||||||
| Dewey Decimal Classification | AYURVEDA | SGT FA-FP Library | SGT FA-FP Library | Text Book | 08/03/2016 | CHAUKHAMBHA | 275.00 | SGTU | CP/B/724 | 5 | 612.012 P15J | FA3338 | 12/12/2024 | 20/11/2024 | 16/12/2015 | Books | ||||
| Dewey Decimal Classification | AYURVEDA | SGT FA-FP Library | SGT FA-FP Library | Text Book | 08/03/2016 | CHAUKHAMBHA | 275.00 | SGTU | CP/B/724 | 612.012 P15J | FA3339 | 08/03/2016 | 16/12/2015 | Books | ||||||
| Dewey Decimal Classification | AYURVEDA | SGT FA-FP Library | SGT FA-FP Library | Text Book | 08/03/2016 | CHAUKHAMBHA | 275.00 | SGTU | CP/B/724 | 612.012 P15J | FA3340 | 08/03/2016 | 16/12/2015 | Books |